| Registos Bibliográficos associados ao registo de autoridade |
|
Etiqueta de registo: 00000nkm 2200025 450 001 2280201 003 http://id.bnportugal.gov.pt/bib/catbnp/2280201 100 ## $a20260313f19801990m y0pory01030103ba 101 0# $apor 102 ## $aPT 200 1# $aIV Semana Académica de Lisboa$bVisual gráfico]$fAssociação Académica de Lisboa$gdesign Pedro Fernandes 210 #9 $aLisboa$cAssociação Académica de Lisboa,$d[entre 1980 e 1990] 215 ## $a1 cartaz$ccolor.$d42x59,5 cm 303 ## $aEspétaculo musical na Aula Magna dia 3 maio, com Vitorino e a banda Doutores e Engenheiros
306 ## $aDatação atribuída em conformidade com o acontecimento anunciado 317 ## $aColeção Madeira Luís 702 #1 $99$aFernandes,$bPedro$4410$31991356 710 02 $aSemana Académica de Lisboa,$d5,$eLisboa$31991357 712 02 $aAssociação Académica de Lisboa$4557$368901 801 #0 $aPT$bBN$gRPC 966 ## $lBN$mICONOG$sCT. 24824 A.$x3 971 ## $cCaticonografia7$d20260313 972 ## $d20260417 $e1$vfpinelo$z0 995 ## $aPRR2026
|
|
|